|
|
|
|
| LEADER |
00000nla2a2200000 4500 |
| 001 |
661055 |
| 005 |
20240110134523.0 |
| 035 |
|
|
|a (RuTPU)RU\TPU\network\31278
|
| 035 |
|
|
|a RU\TPU\network\31271
|
| 090 |
|
|
|a 661055
|
| 100 |
|
|
|a 20191119a2019 k y0rusy50 ca
|
| 101 |
0 |
|
|a rus
|
| 102 |
|
|
|a RU
|
| 105 |
|
|
|a y z 100zy
|
| 135 |
|
|
|a drgn ---uucaa
|
| 181 |
|
0 |
|a i
|
| 182 |
|
0 |
|a b
|
| 200 |
1 |
|
|a Многоуровневое моделирование эффективных характеристик многокомпонентных композиций на основе полифениленсульфида
|f С. В. Панин [и др.]
|
| 203 |
|
|
|a Текст
|c электронный
|
| 225 |
1 |
|
|a Проблемы компьютерного конструирования материалов с иерархической структурой
|
| 300 |
|
|
|a Заглавие с экрана
|
| 320 |
|
|
|a [Библиогр.: с. 199 (1 назв.)]
|
| 333 |
|
|
|a Режим доступа: по договору с организацией-держателем ресурса
|
| 463 |
|
0 |
|0 (RuTPU)RU\TPU\network\31158
|t Иерархические материалы: разработка и приложения для новых технологий и надежных конструкций
|o международный междисциплинарный симпозиум, 1-5 октября 2019 г., Томск, Россия
|o тезисы докладов International Workshop "Multiscale Biomechanics and Tribology of Inorganic and Organic Systems"
|o тезисы докладов международной конференции "Перспективные материалы с иерархической структурой для новых технологий и надежных конструкций"
|o тезисы докладов международной конференции "Химия нефти и газа: добыча, подготовка, транспорт нефти и газа"
|f Российская академия наук (РАН), Сибирское отделение (СО), Институт физики прочности и материаловедения (ИФПМ) ; Институт химии нефти (ИХН)
|v [С. 199]
|d 2019
|
| 610 |
1 |
|
|a электронный ресурс
|
| 610 |
1 |
|
|a труды учёных ТПУ
|
| 610 |
1 |
|
|a моделирование
|
| 610 |
1 |
|
|a полифениленсульфиды
|
| 610 |
1 |
|
|a механические свойства
|
| 610 |
1 |
|
|a триботехнические свойства
|
| 610 |
1 |
|
|a полимеры
|
| 610 |
1 |
|
|a деформационно-прочностные свойства
|
| 610 |
1 |
|
|a электроизоляционные свойства
|
| 701 |
|
1 |
|a Панин
|b С. В.
|c специалист в области материаловедения
|c профессор Томского политехнического университета, доктор технических наук
|f 1971-
|g Сергей Викторович
|3 (RuTPU)RU\TPU\pers\26548
|9 12237
|
| 701 |
|
1 |
|a Гришаева
|b Н. Ю.
|
| 701 |
|
1 |
|a Бочкарева
|b С. А.
|
| 701 |
|
1 |
|a Люкшин
|b Б. А.
|
| 701 |
|
1 |
|a Панов
|b И. Л.
|
| 701 |
|
1 |
|a Мухортин
|b Е. И.
|
| 701 |
|
0 |
|a Нгуен Дык Ань
|c вьетнамский специалист в области материаловедения
|c ассистент Томского политехнического университета
|f 1986-
|3 (RuTPU)RU\TPU\pers\39933
|
| 712 |
0 |
2 |
|a Национальный исследовательский Томский политехнический университет
|b Инженерная школа новых производственных технологий
|b Отделение материаловедения
|3 (RuTPU)RU\TPU\col\23508
|
| 801 |
|
2 |
|a RU
|b 63413507
|c 20191126
|g RCR
|
| 856 |
4 |
|
|u https://elibrary.ru/item.asp?id=41207000
|
| 942 |
|
|
|c CF
|